000 00924ngm a2200241 a 4500
005 20220317001252.0
008 160825s1968 ck g 000 0 spa
082 0 4 _a791.43
_bM14ms
245 1 0 _aMemorias del subdesarrollo
_cdirección Tomás Gutiérrez Alea
_hvideograbación
250 _a1a. edición
300 _a1 Videocasete en VHS (97 minutos)
_bsonido, color
_c20 cm
490 _aLa maleta
500 _aLa película pertenece a la colección La Maleta. Dirigida para un público adulto
650 1 4 _2LEMB
_aPelículas cinematográficas cubanas
_vVideocasetes
650 1 4 _2LEMB
_aCine latinoamericano
_vVideocasetes
700 1 _aGutiérrez Alea, Tomás
_968529
942 _2ddc
_cVIDEOCASET
264 _aBogotá
_bMinisterio de Cultura
_c1968
336 _atexto
_btxt
_2rdacontent
337 _asin mediación
_bn
_2rdamedia
338 _avolumen
_bnc
_2rdacarrier
040 _aCO-BoRNBP
_bspa
_erda
_cCO-BoRNBP
999 _c6442
_d6442